UBT Library

Compensation / (Record no. 816)

000 -LEADER
fixed length control field 00553nam a22002057a 4500
005 - DATE AND TIME OF LATEST TRANSACTION
control field 20151222041955.0
008 - FIXED-LENGTH DATA ELEMENTS--GENERAL INFORMATION
fixed length control field 150519b xxu||||| |||| 00| 0 eng d
020 ## - INTERNATIONAL STANDARD BOOK NUMBER
International Standard Book Number 9780073530499
020 ## - INTERNATIONAL STANDARD BOOK NUMBER
International Standard Book Number 0073530492
041 0# - LANGUAGE CODE
Language code of text/sound track or separate title eng
080 ## - UNIVERSAL DECIMAL CLASSIFICATION NUMBER
Edition identifier 336
100 ## - Rafti
Rafti Gerhart, Milkovich
245 00 - TITLE STATEMENT
Title Compensation /
Statement of responsibility, etc George T. Milkovich, Jerry M. Newman, Barry Gerhart.
250 ## -
-- 10th ed.
260 ## -
-- New York :
-- McGraw-Hill Irwin,
-- c2011.
300 ## -
-- xviii, 689 f. :
-- me il.;
-- 24 cm.
650 #0 -
-- Kompenzimi
700 ## -
-- Mil, G
942 ## - ADDED ENTRY ELEMENTS (KOHA)
Source of classification or shelving scheme
Item type Books
Holdings
Withdrawn status Lost status Source of classification or shelving scheme Damaged status Not for loan Collection code Permanent location Current location Shelving location Date acquired Total Checkouts Full call number Barcode Date last seen Koha item type Price effective from
          Koleksioni i përgjithshem UBT - Lipjan UBT - Lipjan Koleksioni i përgjithshem 05/19/2015   336 GER 002-010255 05/19/2015 Books  
          Koleksioni i përgjithshem UBT - Lipjan UBT - Lipjan Koleksioni i përgjithshem 12/22/2015   336 GER 002-010634 12/22/2015 Books 12/22/2015
          Koleksioni i përgjithshem UBT - Lipjan UBT - Lipjan Koleksioni i përgjithshem 12/22/2015   336 GER 002-010633 12/22/2015 Books 12/22/2015
          Koleksioni i përgjithshem UBT - Lipjan UBT - Lipjan Koleksioni i përgjithshem 12/22/2015   336 GER 002-012470 12/22/2015 Books 12/22/2015
          Koleksioni i përgjithshem UBT - Lipjan UBT - Lipjan Koleksioni i përgjithshem 12/22/2015   336 GER 002-012471 12/22/2015 Books 12/22/2015
          Koleksioni i përgjithshem UBT - Lipjan UBT - Lipjan Koleksioni i përgjithshem 12/22/2015   336 GER 002-012472 12/22/2015 Books 12/22/2015
          Koleksioni i përgjithshem UBT - Lipjan UBT - Lipjan Koleksioni i përgjithshem 12/22/2015   336 GER 002-012473 12/22/2015 Books 12/22/2015
          Koleksioni i përgjithshem UBT - Lipjan UBT - Lipjan Koleksioni i përgjithshem 12/22/2015   336 GER 002-012474 12/22/2015 Books 12/22/2015
          Koleksioni i përgjithshem UBT - Lipjan UBT - Lipjan Koleksioni i përgjithshem 12/22/2015   336 GER 002-012475 12/22/2015 Books 12/22/2015
          Koleksioni i përgjithshem UBT - Lipjan UBT - Lipjan Koleksioni i përgjithshem 12/22/2015   336 GER 002-012476 12/22/2015 Books 12/22/2015
          Koleksioni i përgjithshem UBT - Lipjan UBT - Lipjan Koleksioni i përgjithshem 12/22/2015   336 GER 002-012477 12/22/2015 Books 12/22/2015
          Koleksioni i përgjithshem UBT - Lipjan UBT - Lipjan Koleksioni i përgjithshem 12/22/2015   336 GER 002-012478 12/22/2015 Books 12/22/2015
          Koleksioni i përgjithshem UBT - Lipjan UBT - Lipjan Koleksioni i përgjithshem 12/22/2015   336 GER 002-012479 12/22/2015 Books 12/22/2015
          Koleksioni i përgjithshem UBT - Lipjan UBT - Lipjan Koleksioni i përgjithshem 12/22/2015   336 GER 002-012480 12/22/2015 Books 12/22/2015
          Koleksioni i përgjithshem UBT - Lipjan UBT - Lipjan Koleksioni i përgjithshem 12/22/2015   336 GER 002-012481 12/22/2015 Books 12/22/2015
          Koleksioni i përgjithshem UBT - Lipjan UBT - Lipjan Koleksioni i përgjithshem 12/22/2015   336 GER 002-012482 12/22/2015 Books 12/22/2015
          Koleksioni i përgjithshem UBT - Lipjan UBT - Lipjan Koleksioni i përgjithshem 12/22/2015   336 GER 002-012483 12/22/2015 Books 12/22/2015
          Koleksioni i përgjithshem UBT - Lipjan UBT - Lipjan Koleksioni i përgjithshem 12/22/2015   336 GER 002-012484 12/22/2015 Books 12/22/2015
          Koleksioni i përgjithshem UBT - Lipjan UBT - Lipjan Koleksioni i përgjithshem 12/22/2015   336 GER 002-012485 12/22/2015 Books 12/22/2015
          Koleksioni i përgjithshem UBT - Lipjan UBT - Lipjan Koleksioni i përgjithshem 12/22/2015   336 GER 002-012486 12/22/2015 Books 12/22/2015
          Koleksioni i përgjithshem UBT - Lipjan UBT - Lipjan Koleksioni i përgjithshem 12/22/2015   336 GER 002-012487 12/22/2015 Books 12/22/2015
          Koleksioni i përgjithshem UBT - Lipjan UBT - Lipjan Koleksioni i përgjithshem 12/22/2015   336 GER 002-012488 12/22/2015 Books 12/22/2015
          Koleksioni i përgjithshem UBT - Lipjan UBT - Lipjan Koleksioni i përgjithshem 12/22/2015   336 GER 002-012489 12/22/2015 Books 12/22/2015
          Koleksioni i përgjithshem UBT - Lipjan UBT - Lipjan Koleksioni i përgjithshem 12/22/2015   336 GER 002-012490 12/22/2015 Books 12/22/2015
          Koleksioni i përgjithshem UBT - Lipjan UBT - Lipjan Koleksioni i përgjithshem 12/22/2015   336 GER 002-012491 12/22/2015 Books 12/22/2015
          Koleksioni i përgjithshem UBT - Lipjan UBT - Lipjan Koleksioni i përgjithshem 12/22/2015   336 GER 002-012492 12/22/2015 Books 12/22/2015
          Koleksioni i përgjithshem UBT - Lipjan UBT - Lipjan Koleksioni i përgjithshem 12/22/2015   336 GER 002-012493 12/22/2015 Books 12/22/2015
          Koleksioni i përgjithshem UBT - Lipjan UBT - Lipjan Koleksioni i përgjithshem 12/22/2015   336 GER 002-012494 12/22/2015 Books 12/22/2015
          Koleksioni i përgjithshem UBT - Lipjan UBT - Lipjan Koleksioni i përgjithshem 12/22/2015   336 GER 002-012495 12/22/2015 Books 12/22/2015
          Koleksioni i përgjithshem UBT - Lipjan UBT - Lipjan Koleksioni i përgjithshem 12/22/2015   336 GER 002-012496 12/22/2015 Books 12/22/2015
          Koleksioni i përgjithshem UBT - Lipjan UBT - Lipjan Koleksioni i përgjithshem 12/22/2015   336 GER 002-012497 12/22/2015 Books 12/22/2015
          Koleksioni i përgjithshem UBT - Lipjan UBT - Lipjan Koleksioni i përgjithshem 12/22/2015   336 GER 002-012498 12/22/2015 Books 12/22/2015
          Koleksioni i përgjithshem UBT - Lipjan UBT - Lipjan Koleksioni i përgjithshem 12/22/2015   336 GER 002-012499 12/22/2015 Books 12/22/2015
          Koleksioni i përgjithshem UBT - Lipjan UBT - Lipjan Koleksioni i përgjithshem 12/22/2015   336 GER 002-012500 12/22/2015 Books 12/22/2015
          Koleksioni i përgjithshem UBT - Lipjan UBT - Lipjan Koleksioni i përgjithshem 12/22/2015   336 GER 002-012501 12/22/2015 Books 12/22/2015
          Koleksioni i përgjithshem UBT - Lipjan UBT - Lipjan Koleksioni i përgjithshem 12/22/2015   336 GER 002-012502 12/22/2015 Books 12/22/2015
          Koleksioni i përgjithshem UBT - Lipjan UBT - Lipjan Koleksioni i përgjithshem 12/22/2015   336 GER 002-012503 12/22/2015 Books 12/22/2015
          Koleksioni i përgjithshem UBT - Lipjan UBT - Lipjan Koleksioni i përgjithshem 12/22/2015   336 GER 002-012504 12/22/2015 Books 12/22/2015
          Koleksioni i përgjithshem UBT - Lipjan UBT - Lipjan Koleksioni i përgjithshem 12/22/2015   336 GER 002-012505 12/22/2015 Books 12/22/2015
          Koleksioni i përgjithshem UBT - Lipjan UBT - Lipjan Koleksioni i përgjithshem 12/22/2015   336 GER 002-012506 12/22/2015 Books 12/22/2015
          Koleksioni i përgjithshem UBT - Lipjan UBT - Lipjan Koleksioni i përgjithshem 12/22/2015   336 GER 002-012507 12/22/2015 Books 12/22/2015
          Koleksioni i përgjithshem UBT - Lipjan UBT - Lipjan Koleksioni i përgjithshem 12/22/2015   336 GER 002-012508 12/22/2015 Books 12/22/2015
          Koleksioni i përgjithshem UBT - Lipjan UBT - Lipjan Koleksioni i përgjithshem 12/22/2015   336 GER 002-012509 12/22/2015 Books 12/22/2015
          Koleksioni i përgjithshem UBT - Lipjan UBT - Lipjan Koleksioni i përgjithshem 10/27/2017   336 NEW 002-2934175 10/27/2017 Books 10/27/2017
          Koleksioni i përgjithshem UBT - Lipjan UBT - Lipjan Koleksioni i përgjithshem 10/27/2017   336 NEW 002-2934121````````` 10/27/2017 Books 10/27/2017
          Koleksioni i përgjithshem UBT - Lipjan UBT - Lipjan Koleksioni i përgjithshem 10/27/2017   336 NEW 002-2934126 10/27/2017 Books 10/27/2017
          Koleksioni i përgjithshem UBT - Prishtine UBT - Prishtine Koleksioni i përgjithshem 05/29/2015   658 MIL   05/29/2015 Books 05/29/2015
UBT Library © 2015-2024. All rights reserved University Education for Business and Technology